000 01584nam0a2200361 4500
001 RU\NLR\bibl\893812
005 20250614173532.0
010 _a5-7260-1044-2
_bв пер.
_91000
021 _aRU
_b2005-67972
_93350
035 _a(nilc)RSL-KNO-002763157
035 _a(NLR Aleph) 000882296
090 _a1666577
_c1666577
100 _a20051025d2005 |||y0rusy50 ca
101 0 _arus
102 _aRU
105 _ay |||||||||
106 _ar
200 1 _aНотариальное право Российской Федерации
_eучеб. пособие
_fГ. Г. Черемных, И. Г. Черемных
210 _aМ.
_cЮрид. лит.
_d2005
_gГУП ИПК Ульян. Дом печати
215 _a430, [1] с.
_d20
320 _aБиблиогр.: с. 427
606 1 _aНотариат
_jУчебные издания
_yРоссийская Федерация
_92065171
_3RU\NLR\auth\661239686
610 0 _aГосударство и право. Юридические науки -- Гражданский процесс -- Российская Федерация -- Нотариат -- Учебник для высшей школы
686 _aХ629.219я73-1
_2rubbk
686 _aХ629.219я7
700 1 _aЧеремных
_bГ. Г.
_gГеннадий Григорьевич
_4070
701 1 _aЧеремных
_bИ. Г.
_gИгорь Геннадьевич
_4070
801 0 _aRU
_bRuMoRKP
_c20051025
_grcr
801 1 _aRU
_bRuMoRGB
_c20051025
801 2 _aRU
_bNLR
_c20051226
_grcr
942 _cBOOK
980 _aNB